00530 2200205 4500245007400000020002200074250001100096100002300107700001900130700001000149700000900159650001700168005001900185260004100204041001400245084001300259300003200272336000900304338001100313 aBoruto b : Naruto Next Generations Vol. 2cKishimoto, MasashihText a978-602-04-9046-5 aCet. 1 aKishimoto, Masashi aIkemoto, Mikio aLenny aSari aKomik Jepang a20230131115054 aJakartabElex Media Komputindoc2019 aIndonesia a741.5592 a... jil. :bilus. ;c17 cm. atext avolume